• 首页
  • 本馆介绍
  • 公告通知
  • 最新文献
  • 馆藏检索
  • 电子资源
  • 读者导购
  • 参考咨询
  • 我的图书馆
  • 登录
  • 详细信息显示
  • 放入我的书架
  • 预约/预借图书
  • 作者相关作品
  • 分类相关作品
  • 丛书相关作品
  • 出版社相关作品

书目信息

  • 表格格式
  • 工作单格式
  • 卡片格式
题名:
企鹅凶猛
    
 
作者: 薛芳 著
分册:  
出版信息: 北京   华文出版社  2009
页数: 10,231页
开本: 23cm
丛书名:
单 册:
中图分类: F279.244.4 , K825.38=76
科图分类:
主题词: 网络公司--企业管理--经验--中国 , 互联网络--企业家--生平事迹--中国--现代
电子资源:
ISBN: 978-7-5075-2939-5
000 01004nam0 2200277 45
001 1029441468
005 20100428090855.62
010    @a978-7-5075-2939-5@dCNY28.00
100    @a20100426d2009 em y0chiy50 ea
101 0  @achi
102    @aCN@b110000
105    @aa z 000yy
106    @ar
200 1  @a企鹅凶猛@AQi E Xiong Meng@e马化腾的中国功夫@EMa Hua Teng De Zhong Guo Gong Fu@dThe kungfu of Tencent@f薛芳著@FXue Fang Zhu@zeng
210    @a北京@c华文出版社@d2009
215    @a10,231页@c照片@d23cm
330    @a本书从腾讯公司的诞生、成长、自卫战和反击战等几个层面,展现了昔日的“丑小鸭”羽化成“白天鹅”的一个艰难历程。
510 1  @aKungfu of Tencent@zeng
517 1  @a马化腾的中国功夫@AMa Hua Teng De Zhong Guo Gong Fu
606 0  @a网络公司@x企业管理@x经验@y中国
606 0  @a互联网络@x企业家@x生平事迹@y中国@z现代
690    @aF279.244.4@v4
690    @aK825.38=76@v4
701  0 @a薛芳@AXue Fang@4著
801  0 @aCN@bTANGWEI@c20100428
905    @b0595618-22@dF279.244.4@e873@f5
    
    企鹅凶猛:马化腾的中国功夫=The kungfu of Tencent/薛芳著.-北京:华文出版社,2009
    10,231页:照片;23cm
    
    
    ISBN 978-7-5075-2939-5:CNY28.00
    本书从腾讯公司的诞生、成长、自卫战和反击战等几个层面,展现了昔日的“丑小鸭”羽化成“白天鹅”的一个艰难历程。
●
相关链接 在E读中查询图书 在五车中查询图书 在当当中查询图书 在豆瓣中查询图书


正题名:企鹅凶猛     索取号:F279.244.4/873         预约/预借

序号 登录号 条形码 馆藏地/架位号 状态 备注
1 0595618   205956189   第一样本阅览室/ [索取号:F279.244.4/873] 在馆    
2 0595619   205956198   第一借阅区/ [索取号:F279.244.4/873] 在馆    
3 0595620   205956205   第一借阅区/ [索取号:F279.244.4/873] 在馆    
4 0595621   205956214   第一借阅区/ [索取号:F279.244.4/873] 在馆    
5 0595622   205956223   第一借阅区/ [索取号:F279.244.4/873] 在馆    
唐山师范学院图书馆 欢迎您!
大连网信软件有限公司© 版权所有